000 00314nam a22001457a 4500
008 211012b ||||| |||| 00| 0 eng d
020 _a9781307055658
041 _aeng
080 _a330
082 _a330
100 _a52
101 _aEKO
245 _aPrinciples of Economics
_cRoussel,Ch
942 _2udc
_cBK
999 _c58166
_d58166